|
|
|
|
| LEADER |
00000ny a22000003n 4500 |
| 005 |
20110620130638.0 |
| 008 |
080305s20070000sp s 000 0 spa c |
| 017 |
|
|
|a D.L. SE.6033-2006
|
| 020 |
|
|
|a 9788497729246
|
| 035 |
|
|
|a 1698
|
| 040 |
|
|
|d vlex
|
| 080 |
|
|
|a 347.62(460)
|
| 090 |
|
|
|c 1372
|d 1372
|
| 245 |
0 |
3 |
|a El nuevo derecho matrimonial
|h [Recurso electrn̤ico]
|b comentarios a las leyes 13-2005, de 1 de Julio y 15-2005, de 8 de Julio /
|c coordinacin̤, Oscar Monje Balmaseda ; Luis Zarraluqui Sǹchez-Eznarriaga ... [et al.]
|
| 256 |
|
|
|a Servicio en ln̕ea
|
| 260 |
|
|
|a Madrid :
|b Dykinson,
|c 2007
|
| 300 |
|
|
|a 404 p. ;
|c 24 cm
|
| 500 |
|
|
|a Precede al tt̕.: Zarraluqui Abogados & Lled ̤Abogados
|
| 506 |
1 |
|
|a Contenido solo disponible en los productos indicados
|d vLex Global
|d vLex Global (Academic Edition, excluding Law Schools)
|d vLex Global (U.S. Academic Edition, Law Schools)
|d vLex Global (U.S. Academic Edition, excluding Law Schools)
|d vLex Global (Academic Edition, Law Schools)
|
| 650 |
0 |
7 |
|a Familia
|2 Tesauro vLex
|
| 650 |
0 |
7 |
|a Matrimonio
|2 Tesauro vLex
|
| 650 |
0 |
7 |
|a Derecho matrimonial
|2 Tesauro vLex
|
| 700 |
1 |
|
|a Monje Balmaseda, Oscar,
|e coord
|
| 700 |
1 |
|
|a Zarraluqui Sǹchez-Eznarriaga, Luis
|
| 740 |
0 |
|
|a vLex Libros (Servicios en ln̕ea)
|
| 856 |
4 |
0 |
|z Acceso restringido
|u http://vlex.com/source/1698
|
| 942 |
|
|
|c BOOK
|